Desde Alejandría: antología

Saved in:
書目詳細資料
主要作者: Kavafis, Constantino Petrou (Author)
格式: 圖書
語言:西班牙语
出版: Santiago LOM 2009
版:1a. ed
叢編:Colección Libros del Ciudadano
主題:
標簽: 添加標簽
沒有標簽, 成為第一個標記此記錄!

MARC

LEADER 00000nam a2200000 a 4500
001 UCH9145
003 CL-VaPUC
008 091224e20090000CL |||||||||||||||||spa|d
020 |a 9789560000767 
082 0 4 |a 889  |b KAV  |2 21 
100 |a Kavafis, Constantino Petrou  |e author  |9 267584 
245 1 0 |a Desde Alejandría: antología 
250 |a 1a. ed 
300 |a 71 p 
942 |c BK 
945 |d 20091224 00:00:00  |a cmena 
260 |a Santiago  |b LOM  |c 2009 
650 0 |a Poesía griega  |9 265627 
650 7 |a LITERATURA GRIEGA  |2 CL-VaPUC  |9 258054 
650 7 |a LITERATURA MODERNA  |2 CL-VaPUC  |9 266691 
583 |a last modification  |c 20091224 00:00:00  |k Rodrigo Vera 
490 0 |a Colección Libros del Ciudadano 
999 |c 339206  |d 339204 
952 |0 0  |1 0  |4 0  |6 889_000000000000000_KAV_2009  |7 0  |8 C  |9 432688  |a BIBCUR  |b BIBCUR  |d 2019-11-22  |i 462730K  |o 889 KAV 2009  |p 462730K  |r 2025-04-22  |w 2019-11-22  |y BK  |k CAC